Subdivisions - Regions of Italy by Flag - Statistics

General Stats
  • This quiz has been taken 31 times
  • The average score is 16 of 20
Answer Stats
Picture Answer % Correct
Sardinia /(Sardegna) (autonomous region)
100%
Sicily /(Sicilia) (autonomous region)
100%
Calabria
96%
Marche
96%
Molise
96%
Lazio
92%
Apulia /(Puglia)
88%
Lombardy /(Lombardia)
88%
Emilia-Romagna
83%
Veneto
83%
Aosta Valley (autonomous region)
79%
Piedmont /(Piemonte)
79%
Tuscany /(Toscana)
71%
Abruzzo
63%
Basilicata
63%
Campania
63%
Umbria
63%
Friuli Venezia Giulia (autonomous region)
58%
Trentino-Alto Adige/Südtirol (autonomous region)
58%
Liguria
50%
No matching quizzes found
Score Distribution
Percent of People with Each Score
Percentile by Number Answered
Your Score History
You have not taken this quiz